Computer Networks (Record no. 1912)

MARC details
000 -LEADER
fixed length control field 00439 a2200169 4500
000 - LEADER
fixed length control field nam a22 7a 4500
001 - CONTROL NUMBER
control field 1912
005 - DATE AND TIME OF LATEST TRANSACTION
control field 20260407134420.0
020 ## - INTERNATIONAL STANDARD BOOK NUMBER
International Standard Book Number 9789332518746
100 ## - MAIN ENTRY--PERSONAL NAME
Personal name Andrew S. Tanenbaum, David J. Wetherall
110 ## - MAIN ENTRY--CORPORATE NAME
Corporate name or jurisdiction name as entry element Andrew S. Tanenbaum, David J. Wetherall
245 ## - TITLE STATEMENT
Title Computer Networks
250 ## - EDITION STATEMENT
Edition statement 5th Edition
260 ## - PUBLICATION, DISTRIBUTION, ETC.
Name of publisher, distributor, etc. Pearson Education
Date of publication, distribution, etc. 2011
264 ## - PRODUCTION, PUBLICATION, DISTRIBUTION, MANUFACTURE, AND COPYRIGHT NOTICE
Name of producer, publisher, distributor, manufacturer Pearson Education
Date of production, publication, distribution, manufacture, or copyright notice 2011
942 ## - ADDED ENTRY ELEMENTS (KOHA)
Koha item type Books
Holdings
Withdrawn status Lost status Source of classification or shelving scheme Damaged status Not for loan Home library Current library Date acquired Total checkouts Barcode Date last seen Price effective from Koha item type
    Dewey Decimal Classification     Centerville Centerville 07/04/2026   CPL26040009 07/04/2026 07/04/2026 Books